Les arrêts du tram 10 à Bruxelles - Statistiques

Statistiques générales
  • Ce quiz a été pris 35 fois
  • Le résultat moyen est 17 sur 29
Statistiques - réponses
commune arrêt % Correct
Bruxelles-ville Bourse - Grand Place
92%
Saint-Gilles Gare du Midi
92%
Schaerbeek Gare du Nord
92%
Bruxelles-ville Rogier
92%
Bruxelles-ville De Brouckère
88%
Uccle Churchill
84%
Saint-Gilles Horta
80%
Saint-Gilles Porte de Hal
80%
Forest Albert
76%
Bruxelles-ville Lemonnier
76%
Saint-Gilles Parvis de Saint-Gilles
76%
Neder-over-Heembeek Hôpital Militaire
72%
Bruxelles-ville Anneessens - Fontainas
68%
Schaerbeek Thomas
68%
Uccle Vanderkindere
68%
Laeken Heembeek
60%
Schaerbeek Masui
60%
Forest Berkendael
48%
Laeken Docks Bruxsel
44%
Neder-over-Heembeek Zavelput
40%
Laeken Mabru
36%
Neder-over-Heembeek Nelson Mandela
36%
Neder-over-Heembeek Peter Benoit
36%
Neder-over-Heembeek Ancre
32%
Laeken Jules de Trooz
32%
Neder-over-Heembeek Chemin Vert
24%
Neder-over-Heembeek Marguerite Yourcenar
16%
Neder-over-Heembeek Mercator
12%
Neder-over-Heembeek Simone Veil
8%
Aucun quiz correspondant
Distribution des résultats
% des personnes avec chaque résultat
Percentile par nombre de réponses
Votre historique - résultats
Vous n’avez pas pris ce quiz